[Event "Czech Open GM 2019"]
[Site "Pardubice"]
[Date "2019.07.20"]
[Round "2.6"]
[White "Biolek, Richard Jr."]
[Black "Zeman, Matyas"]
[Result "1/2-1/2"]
[WhiteElo "2447"]
[BlackElo "2275"]
[Annotator "NA"]
[PlyCount "52"]
[EventDate "2019.07.19"]
[EventType "swiss"]
[EventCountry "CZE"]
[SourceTitle "playchess.com"]
[Source "ChessBase"]
[SourceQuality "1"]

1. e4 e6 2. d4 d5 3. Nc3 Nc6 4. Nf3 Nf6 5. Bd3 Bb4 6. e5 Ne4 7. Bd2 Nxd2 8. Qxd2 f6 9. a3 Be7 10. Ne2 O-O 11. O-O-O fxe5 12. dxe5 Rxf3 13. gxf3 Nxe5 14. f4 Nxd3+ 15. Qxd3 Qf8 16. f5 Qxf5 17. Qxf5 exf5 18. Rxd5 c6 19. Re5 Kf7 20. Rd1 Bf6 21. Rc5 Be6 22. Nd4 Rd8 23. Nxe6 Rxd1+ 24. Kxd1 Kxe6 25. c3 Be5 26. h3 g5 1/2-1/2

[Event "Czech Open GM 2019"]
[Site "Pardubice"]
[Date "2019.07.20"]
[Round "2.6"]
[White "Vokac, Marek"]
[Black "Plat, Vojtech"]
[Result "1/2-1/2"]
[WhiteElo "2316"]
[BlackElo "2548"]
[Annotator "ChessBase"]
[PlyCount "80"]
[EventDate "2019.07.19"]
[EventType "swiss"]
[EventCountry "CZE"]
[SourceTitle "playchess.com"]
[Source "ChessBase"]
[SourceQuality "1"]

1. e4 e5 2. Nf3 Nc6 3. Nc3 Nf6 4. d4 exd4 5. Nxd4 Bb4 6. Nxc6 bxc6 7. Bd3 d5 8. exd5 cxd5 9. O-O O-O 10. Bg5 c6 11. Qf3 h6 12. Bxf6 Qxf6 13. Qxf6 gxf6 14. Ne2 Bc5 15. h3 Re8 16. Rfd1 Re5 17. Kf1 a5 18. Rab1 Rb8 19. c3 Bd7 20. Nd4 Bf8 21. Nf3 Ree8 22. c4 dxc4 23. Bxc4 Bf5 24. Bd3 Be6 25. b3 Rb4 26. Rbc1 a4 27. bxa4 Rxa4 28. Rxc6 Rea8 29. Be2 Rxa2 30. Nd4 Bd5 31. Rcc1 Rb2 32. Rb1 Raa2 33. Rxb2 Rxb2 34. Nf5 Bb3 35. Rc1 Bc2 36. Ne3 Bg6 37. Nd5 Ba3 38. g4 Kg7 39. Rc4 Bd6 40. Nf4 Rb4 1/2-1/2

[Event "Czech Open GM 2019"]
[Site "Pardubice"]
[Date "2019.07.20"]
[Round "2.7"]
[White "Van Osch, Mees"]
[Black "Demidov, Mikhail"]
[Result "0-1"]
[WhiteElo "2316"]
[BlackElo "2546"]
[Annotator "ChessBase"]
[PlyCount "130"]
[EventDate "2019.07.19"]
[EventType "swiss"]
[EventCountry "CZE"]
[SourceTitle "playchess.com"]
[Source "ChessBase"]
[SourceQuality "1"]

1. e4 c6 2. d4 d5 3. Nc3 a6 4. Nf3 Bg4 5. exd5 cxd5 6. h3 Bxf3 7. Qxf3 e6 8. Bd3 Nc6 9. Ne2 Nb4 10. O-O Nf6 11. Bg5 h6 12. Bxf6 Qxf6 13. Qxf6 gxf6 14. Rad1 Bd6 15. c3 Nxd3 16. Rxd3 Rg8 17. g3 Ke7 18. Kg2 b5 19. f4 f5 20. Kf3 h5 21. Rd2 a5 22. Nc1 b4 23. cxb4 axb4 24. Rc2 Rg6 25. b3 h4 26. Rg1 hxg3 27. Nd3 Rag8 28. Rcg2 Rh8 29. Rh1 Rgg8 30. Rxg3 Rc8 31. Rg2 Rc3 32. Ke2 Ra8 33. Ra1 Rxb3 34. axb3 Rxa1 35. Rg8 Rh1 36. Ra8 Rxh3 37. Ra7+ Kf8 38. Rb7 Rh2+ 39. Ke3 Rh1 40. Rb6 Be7 41. Rb8+ Kg7 42. Rb7 Kf6 43. Nxb4 Re1+ 44. Kf3 Bxb4 45. Rxb4 Re4 46. Ra4 Ke7 47. Ra7+ Kd6 48. Ra6+ Kd7 49. Ra7+ Kc6 50. Ra6+ Kb5 51. Ra4 f6 52. Kg3 Re3+ 53. Kf2 Rxb3 54. Ra8 Rd3 55. Re8 Rxd4 56. Rxe6 Rxf4+ 57. Kg3 Re4 58. Rxf6 Kc4 59. Rxf5 d4 60. Kf3 Re8 61. Ra5 d3 62. Ra7 d2 63. Rd7 Kc3 64. Kf2 Re1 65. Rc7+ Kb4 0-1

[Event "Czech Open GM 2019"]
[Site "Pardubice"]
[Date "2019.07.20"]
[Round "2.7"]
[White "Gibicar, Danijel"]
[Black "Erenberg, Ariel"]
[Result "1/2-1/2"]
[WhiteElo "2273"]
[BlackElo "2442"]
[Annotator "NA"]
[PlyCount "94"]
[EventDate "2019.07.19"]
[EventType "swiss"]
[EventCountry "CZE"]
[SourceTitle "playchess.com"]
[Source "ChessBase"]
[SourceQuality "1"]

1. e4 e5 2. Nf3 Nc6 3. Bb5 a6 4. Ba4 Nf6 5. O-O Be7 6. Re1 b5 7. Bb3 d6 8. c3 O-O 9. d3 Na5 10. Bc2 c5 11. Nbd2 Nc6 12. Nf1 Be6 13. a4 h6 14. h3 Qc7 15. Ng3 Rfe8 16. Bb1 d5 17. d4 Rad8 18. Nxe5 Nxe5 19. dxe5 dxe4 20. Qc2 Qxe5 21. Nxe4 Kf8 22. f4 Qh5 23. Nxf6 Bxf6 24. Be3 Bh4 25. Qe2 Qd5 26. Be4 Qc4 27. Qxc4 Bxc4 28. Bxc5+ Kg8 29. Bf2 Bxf2+ 30. Kxf2 Rd2+ 31. Kg1 Rxb2 32. axb5 axb5 33. Bc6 Rxe1+ 34. Rxe1 g6 35. Re5 Kg7 36. Kh2 Kf6 37. h4 Rb3 38. Bd7 h5 39. Bc6 Rb1 40. Kg3 Rb2 41. Kh2 Rb3 42. Bd7 Kg7 43. Bc6 Rxc3 44. Bxb5 Bxb5 45. Rxb5 Kf6 46. Re5 Rc6 47. Kg3 Re6 1/2-1/2

[Event "Czech Open GM 2019"]
[Site "Pardubice"]
[Date "2019.07.20"]
[Round "2.8"]
[White "Bryzgalin, Kirill"]
[Black "Pacan-Milej, Kosma"]
[Result "1-0"]
[WhiteElo "2437"]
[BlackElo "2272"]
[Annotator "NA"]
[PlyCount "77"]
[EventDate "2019.07.19"]
[EventType "swiss"]
[EventCountry "CZE"]
[SourceTitle "playchess.com"]
[Source "ChessBase"]
[SourceQuality "1"]

1. d4 Nf6 2. Nf3 d6 3. c4 Nbd7 4. Nc3 e5 5. Bg5 c6 6. e3 Be7 7. Qc2 Qa5 8. Bd3 h6 9. Bh4 O-O 10. O-O Re8 11. a3 exd4 12. exd4 Nf8 13. h3 Qh5 14. Ne2 Qa5 15. Rfe1 Ne6 16. Rad1 Bd7 17. b4 Qc7 18. Bg3 a5 19. c5 Nd5 20. Rb1 axb4 21. axb4 b5 22. Nd2 Qa7 23. Ne4 dxc5 24. dxc5 Qa3 25. Qd2 Ra4 26. Bc2 Ra7 27. Rb3 Qa6 28. N2c3 Nxc3 29. Rxc3 Qa2 30. Qd3 g6 31. Bb3 Qa6 32. Be5 Bc8 33. Qf3 Ng5 34. Nf6+ Kf8 35. Qf4 Bxf6 36. Qxf6 Be6 37. Qh8+ Ke7 38. Bf6+ Kd7 39. Rd3+ 1-0

[Event "Czech Open GM 2019"]
[Site "Pardubice"]
[Date "2019.07.20"]
[Round "2.8"]
[White "Thakur, Akash"]
[Black "Noe, Christopher"]
[Result "1/2-1/2"]
[WhiteElo "2311"]
[BlackElo "2534"]
[Annotator "ChessBase"]
[PlyCount "99"]
[EventDate "2019.07.19"]
[EventType "swiss"]
[EventCountry "CZE"]
[SourceTitle "playchess.com"]
[Source "ChessBase"]
[SourceQuality "1"]

1. e4 c5 2. Nf3 d6 3. d4 cxd4 4. Nxd4 Nf6 5. Nc3 a6 6. Be3 e6 7. f3 Be7 8. Qd2 b5 9. g4 Bb7 10. O-O-O Nc6 11. g5 Nd7 12. h4 Rc8 13. Rg1 O-O 14. Kb1 Nde5 15. Qf2 Na5 16. Nf5 Nec4 17. Bb6 Nxb6 18. Nxe7+ Qxe7 19. Qxb6 Nc6 20. f4 Rfd8 21. h5 Qc7 22. Qxc7 Rxc7 23. g6 Ne7 24. gxf7+ Kxf7 25. Bd3 b4 26. Ne2 Rc5 27. Nd4 Bc8 28. Rg5 h6 29. Rxc5 dxc5 30. Nf3 Nc6 31. Kc1 Kg8 32. Bc4 Rxd1+ 33. Kxd1 Kf7 34. Bb3 Bd7 35. Ba4 Ke7 36. Kd2 Be8 37. Ke3 Na5 38. Bxe8 Nc4+ 39. Ke2 Kxe8 40. b3 Nd6 41. Kd3 Kd7 42. Nh4 Ne8 43. e5 Nc7 44. f5 exf5 45. Nxf5 Ne6 46. Ke4 Kc6 47. Ne7+ Kd7 48. Nf5 Kc6 49. Ne7+ Kd7 50. Nf5 1/2-1/2

[Event "Czech Open GM 2019"]
[Site "Pardubice"]
[Date "2019.07.20"]
[Round "2.9"]
[White "Belyakov, Bogdan"]
[Black "Gungl, Theo"]
[Result "1/2-1/2"]
[WhiteElo "2500"]
[BlackElo "2306"]
[Annotator "ChessBase"]
[PlyCount "80"]
[EventDate "2019.07.19"]
[EventType "swiss"]
[EventCountry "CZE"]
[SourceTitle "playchess.com"]
[Source "ChessBase"]
[SourceQuality "1"]

1. e4 c5 2. c3 d5 3. exd5 Qxd5 4. d4 Nf6 5. Nf3 Bg4 6. Be2 e6 7. h3 Bh5 8. O-O Nc6 9. Be3 cxd4 10. Nxd4 Bxe2 11. Qxe2 Nxd4 12. Bxd4 Be7 13. Rd1 Qc6 14. Nd2 O-O 15. Qc4 Rfc8 16. Qxc6 Rxc6 17. Kf1 Nd5 18. c4 Nb4 19. Bc3 Nc2 20. Rab1 Bf6 21. Rdc1 Bxc3 22. bxc3 Na3 23. Rxb7 Nxc4 24. Nxc4 Rxc4 25. Ke2 g5 26. Ke3 Ra4 27. Rc2 Rc8 28. Kd2 Rc5 29. Rb4 Ra6 30. c4 Rac6 31. Kd3 a6 32. Ra4 Kg7 33. Rb2 h5 34. g4 hxg4 35. hxg4 f5 36. gxf5 Rxf5 37. Ke3 Rf4 38. Rb7+ Kf6 39. Ra7 Rc5 40. R7xa6 Re5+ 1/2-1/2

[Event "Czech Open GM 2019"]
[Site "Pardubice"]
[Date "2019.07.20"]
[Round "2.9"]
[White "Yandarbiev, Ruslan"]
[Black "Kacharava, Nikolozi"]
[Result "0-1"]
[WhiteElo "2270"]
[BlackElo "2431"]
[Annotator "NA"]
[PlyCount "63"]
[EventDate "2019.07.19"]
[EventType "swiss"]
[EventCountry "CZE"]
[SourceTitle "playchess.com"]
[Source "ChessBase"]
[SourceQuality "1"]

1. e4 d6 2. d4 Nf6 3. f3 e5 4. d5 c6 5. c4 Be7 6. Nc3 O-O 7. Bd3 Na6 8. Nge2 Nc5 9. Bc2 cxd5 10. cxd5 Nh5 11. g4 Bh4+ 12. Kf1 Qf6 13. Kg2 Nf4+ 14. Nxf4 exf4 15. Qd2 g5 16. b3 Nd7 17. Bb2 Ne5 18. Bd3 h5 19. h3 Kg7 20. a4 Rh8 21. Nb5 hxg4 22. hxg4 Bxg4 23. Be2 Bd7 24. Qd4 Bxb5 25. axb5 Bg3 26. Qd2 Rac8 27. Bd4 g4 28. fxg4 Bh2 29. Kf1 f3 30. Bd1 Bf4 31. Rxh8 Rxh8 32. Qb2 0-1

[Event "Czech Open GM 2019"]
[Site "Pardubice"]
[Date "2019.07.20"]
[Round "2.10"]
[White "Koustav Chatterjee"]
[Black "Meleshko, Volodymyr"]
[Result "1-0"]
[WhiteElo "2430"]
[BlackElo "2270"]
[Annotator "NA"]
[PlyCount "65"]
[EventDate "2019.07.19"]
[EventType "swiss"]
[EventCountry "CZE"]
[SourceTitle "playchess.com"]
[Source "ChessBase"]
[SourceQuality "1"]

1. Nf3 Nf6 2. c4 e6 3. g3 d5 4. Bg2 Be7 5. O-O O-O 6. b3 c5 7. cxd5 Nxd5 8. Bb2 Nc6 9. d4 b6 10. dxc5 Bxc5 11. a3 a5 12. Nbd2 Bb7 13. e4 Nde7 14. e5 Qd3 15. Ne4 Rfd8 16. Re1 Rac8 17. Nfg5 Qxd1 18. Raxd1 Nf5 19. Nxc5 bxc5 20. Rxd8+ Nxd8 21. Bxb7 Nxb7 22. Rd1 Rd8 23. Rxd8+ Nxd8 24. Ne4 Nb7 25. a4 Ne7 26. Kf1 Nd5 27. Ke2 Kf8 28. Kd3 Ke7 29. Kc4 f6 30. Nxc5 Nd8 31. Kb5 fxe5 32. Bxe5 g6 33. f4 1-0

[Event "Czech Open GM 2019"]
[Site "Pardubice"]
[Date "2019.07.20"]
[Round "2.10"]
[White "Nun, Jiri"]
[Black "Matviishen, Viktor"]
[Result "0-1"]
[WhiteElo "2310"]
[BlackElo "2495"]
[Annotator "ChessBase"]
[PlyCount "140"]
[EventDate "2019.07.19"]
[EventType "swiss"]
[EventCountry "CZE"]
[SourceTitle "playchess.com"]
[Source "ChessBase"]
[SourceQuality "1"]

1. e4 e5 2. Nf3 Nc6 3. Bc4 Bc5 4. c3 Nf6 5. d3 d6 6. Nbd2 a6 7. Bb3 h6 8. Nf1 Bg4 9. h3 Bh5 10. Ng3 Bg6 11. O-O O-O 12. Be3 Bxe3 13. fxe3 Na5 14. Bc2 c5 15. c4 b5 16. b3 Rb8 17. Rf2 Nc6 18. Rc1 a5 19. Bb1 Re8 20. Qf1 bxc4 21. dxc4 Nh7 22. Rd1 Ng5 23. Rfd2 Re6 24. Nf5 Nxf3+ 25. Qxf3 Qf8 26. Nxd6 a4 27. Nb5 axb3 28. axb3 Qe7 29. Kh2 Ra8 30. Rd7 Qg5 31. Qg3 Qxg3+ 32. Kxg3 Ra1 33. Nc3 Ra3 34. Rb7 Kh7 35. Bc2 Na5 36. Rb8 Nxc4 37. Rdd8 Bh5 38. Rh8+ Kg6 39. Nd5 Nd2 40. Ra8 Rxa8 41. Rxa8 Kh7 42. Kf2 Bg6 43. Nc3 Rb6 44. Ra5 c4 45. b4 Rxb4 46. Ke1 Nb3 47. Rxe5 Na1 48. Bd1 Rb2 49. Ne2 Nb3 50. g4 f6 51. Re7 Nc5 52. Nc3 Nd3+ 53. Kf1 Rf2+ 54. Kg1 Rd2 55. h4 Ne5 56. h5 Bxe4 57. Nxe4 Rxd1+ 58. Kg2 Nxg4 59. Kf3 f5 60. Ng3 Nf6 61. Rc7 f4 62. exf4 Rd3+ 63. Kg2 Nd5 64. Rc5 Nxf4+ 65. Kf2 c3 66. Rc7 Nd5 67. Rc5 Rd2+ 68. Ke1 Rg2 69. Ne4 c2 70. Kf1 Ne3+ 0-1

[Event "Czech Open GM 2019"]
[Site "Pardubice"]
[Date "2019.07.20"]
[Round "2.11"]
[White "Simacek, Pavel"]
[Black "Punin, Andrii"]
[Result "0-1"]
[WhiteElo "2490"]
[BlackElo "2305"]
[Annotator "ChessBase"]
[PlyCount "104"]
[EventDate "2019.07.19"]
[EventType "swiss"]
[EventCountry "CZE"]
[SourceTitle "playchess.com"]
[Source "ChessBase"]
[SourceQuality "1"]

1. d4 d5 2. c4 e6 3. Nf3 Nf6 4. g3 Be7 5. Bg2 O-O 6. O-O dxc4 7. Qc2 a6 8. a4 Bd7 9. Qxc4 Bc6 10. Bf4 Bd6 11. Qc1 a5 12. Nc3 Na6 13. Bg5 Be7 14. Rd1 Nb4 15. Bxf6 Bxf6 16. e4 b6 17. d5 exd5 18. e5 Be7 19. Nd4 Bb7 20. Nf5 c6 21. Ne4 Bc8 22. g4 f6 23. Qf4 Bxf5 24. Qxf5 Qc8 25. Qxc8 Raxc8 26. exf6 Bxf6 27. Nc3 Be7 28. h3 Bc5 29. Rd2 Rce8 30. Bf1 Rf4 31. Kg2 Ref8 32. Nd1 Rd4 33. Rxd4 Bxd4 34. Rc1 g5 35. f3 Kf7 36. Nc3 Re8 37. Rd1 Nc2 38. Kg3 Re1 39. Rxe1 Nxe1 40. f4 h6 41. h4 gxh4+ 42. Kxh4 Nf3+ 43. Kh5 Bxc3 44. bxc3 Kg7 45. f5 Nd2 46. Ba6 Ne4 47. Bb7 c5 48. Bc6 c4 49. Kh4 Nxc3 50. g5 hxg5+ 51. Kxg5 Ne4+ 52. Kf4 c3 0-1

[Event "Czech Open GM 2019"]
[Site "Pardubice"]
[Date "2019.07.20"]
[Round "2.11"]
[White "Zlatin, Alexander"]
[Black "Horvath, Dominik"]
[Result "0-1"]
[WhiteElo "2270"]
[BlackElo "2424"]
[Annotator "NA"]
[PlyCount "89"]
[EventDate "2019.07.19"]
[EventType "swiss"]
[EventCountry "CZE"]
[SourceTitle "playchess.com"]
[Source "ChessBase"]
[SourceQuality "1"]

1. e4 e5 2. Nf3 Nc6 3. Bb5 a6 4. Ba4 b5 5. Bb3 Na5 6. Bxf7+ Kxf7 7. Nxe5+ Ke7 8. d4 Qe8 9. Bg5+ Nf6 10. Nc3 Bb7 11. O-O h6 12. Bh4 g5 13. Bg3 d6 14. Nd3 Kd8 15. e5 Qc6 16. f3 Nd5 17. Nxd5 Qxd5 18. c3 dxe5 19. dxe5 Ke8 20. Qe2 Rd8 21. Rad1 Rh7 22. Qc2 Re7 23. b4 Qc4 24. Nb2 Qe6 25. bxa5 Red7 26. Rxd7 Rxd7 27. a4 h5 28. axb5 h4 29. Bf2 h3 30. Bd4 hxg2 31. Qxg2 g4 32. bxa6 Ba8 33. Qf2 gxf3 34. Kh1 Rg7 35. Rg1 Rxg1+ 36. Kxg1 Qg6+ 37. Kf1 Qb1+ 38. Qe1 Qxb2 39. Bf2 Bc5 40. e6 Bd5 41. h4 Bxf2 42. Qxf2 Qb5+ 43. Kg1 Qxa6 44. Qd4 Qxe6 45. Qd1 0-1

[Event "Czech Open GM 2019"]
[Site "Pardubice"]
[Date "2019.07.20"]
[Round "2.12"]
[White "Piesik, Piotr"]
[Black "Shailesh, Dravid"]
[Result "1-0"]
[WhiteElo "2421"]
[BlackElo "2254"]
[Annotator "NA"]
[PlyCount "71"]
[EventDate "2019.07.19"]
[EventType "swiss"]
[EventCountry "CZE"]
[SourceTitle "playchess.com"]
[Source "ChessBase"]
[SourceQuality "1"]

1. Nf3 Nf6 2. c4 g6 3. Nc3 Bg7 4. e4 d6 5. d4 O-O 6. Be2 Nbd7 7. O-O e5 8. Be3 Re8 9. d5 Nh5 10. Re1 Nf4 11. Bf1 Nf6 12. h3 h6 13. c5 g5 14. Nh2 Rf8 15. cxd6 cxd6 16. Rc1 Ne8 17. Nb5 a6 18. Nc7 Nxc7 19. Bb6 f5 20. Rxc7 Qf6 21. g3 fxe4 22. gxf4 gxf4 23. Qh5 Bf5 24. Ng4 Qg6 25. Qxg6 Bxg6 26. Rd7 h5 27. Rxd6 Kh7 28. Nh2 Bf5 29. Rc1 Rac8 30. Rc3 Bh6 31. Kh1 e3 32. fxe3 fxe3 33. Bxe3 Bg7 34. Rxc8 Rxc8 35. Nf3 e4 36. Nh4 1-0

[Event "Czech Open GM 2019"]
[Site "Pardubice"]
[Date "2019.07.20"]
[Round "2.12"]
[White "Stevanic, David"]
[Black "Kraus, Tomas"]
[Result "0-1"]
[WhiteElo "2306"]
[BlackElo "2486"]
[Annotator "ChessBase"]
[PlyCount "120"]
[EventDate "2019.07.19"]
[EventType "swiss"]
[EventCountry "CZE"]
[SourceTitle "playchess.com"]
[Source "ChessBase"]
[SourceQuality "1"]

1. e4 c5 2. c3 Nf6 3. e5 Nd5 4. Bc4 Nb6 5. Bb3 c4 6. Bc2 Nc6 7. Nf3 d6 8. exd6 Qxd6 9. O-O Bg4 10. h3 Bh5 11. Re1 e6 12. b3 Be7 13. Na3 cxb3 14. axb3 O-O 15. d4 Rac8 16. Qd2 Rfd8 17. Ng5 Bg6 18. Bxg6 hxg6 19. Nf3 Nd5 20. Nc4 Qc7 21. Bb2 Bf6 22. Qe2 a6 23. Ncd2 Nce7 24. Ne4 Nf5 25. Nxf6+ Nxf6 26. Rac1 Qb6 27. Nd2 Nd5 28. Qf3 Qa5 29. Ra1 Qc7 30. Rac1 Qf4 31. Qe2 Nh4 32. Kh1 Qg5 33. g3 Nf4 34. Qg4 Qxg4 35. hxg4 Nd3 36. gxh4 Nxb2 37. Rc2 Nd3 38. Re2 Nb4 39. Rc1 Na2 40. Rc2 Nxc3 41. Re1 Nb5 42. Rxc8 Rxc8 43. Nf3 Rc3 44. Re3 Rc1+ 45. Kg2 Rd1 46. Re4 Kf8 47. Rf4 Ke8 48. h5 gxh5 49. gxh5 Nd6 50. Rg4 Nf5 51. Kh2 Rd3 52. Rf4 a5 53. Kg2 b5 54. Kf1 Rxb3 55. d5 a4 56. dxe6 fxe6 57. Kg2 a3 58. Re4 Kd7 59. Re1 b4 60. Ng5 a2 0-1

[Event "Czech Open GM 2019"]
[Site "Pardubice"]
[Date "2019.07.20"]
[Round "2.13"]
[White "Deepan Chakkravarthy J."]
[Black "Svanda, Ondrej"]
[Result "1-0"]
[WhiteElo "2532"]
[BlackElo "2234"]
[Annotator "ChessBase"]
[PlyCount "59"]
[EventDate "2019.07.19"]
[EventType "swiss"]
[EventCountry "CZE"]
[SourceTitle "playchess.com"]
[Source "ChessBase"]
[SourceQuality "1"]

1. Nf3 c5 2. b3 Nc6 3. Bb2 Nf6 4. g3 e6 5. Bg2 Be7 6. O-O O-O 7. e3 b6 8. d4 Bb7 9. c4 d5 10. Nbd2 Rc8 11. Qe2 dxc4 12. bxc4 Qc7 13. Nb3 a5 14. Rfc1 Rfd8 15. Rab1 Ba6 16. Ne5 Nxe5 17. dxe5 Ne8 18. Nd2 Qd7 19. Bc3 Rb8 20. Rb2 Qa7 21. Rcb1 Nc7 22. Qg4 a4 23. Ne4 b5 24. Nf6+ Kh8 25. Qh5 Bxf6 26. exf6 g6 27. Qh6 Rg8 28. Rd1 Ne8 29. Be5 b4 30. Rbd2 1-0

[Event "Czech Open GM 2019"]
[Site "Pardubice"]
[Date "2019.07.20"]
[Round "2.13"]
[White "Potapov, Pavel"]
[Black "Karsay, Pascal"]
[Result "1-0"]
[WhiteElo "2485"]
[BlackElo "2304"]
[Annotator "ChessBase"]
[PlyCount "83"]
[EventDate "2019.07.19"]
[EventType "swiss"]
[EventCountry "CZE"]
[SourceTitle "playchess.com"]
[Source "ChessBase"]
[SourceQuality "1"]

1. d4 Nf6 2. c4 e6 3. Nc3 Bb4 4. e3 O-O 5. Nge2 Re8 6. a3 Bf8 7. Ng3 d5 8. cxd5 exd5 9. Bd3 c5 10. dxc5 Bxc5 11. O-O Nc6 12. Nce2 a5 13. Qc2 Bd6 14. Bd2 h5 15. Bc3 Ne5 16. Rad1 g6 17. Nf4 h4 18. Nge2 h3 19. Ng3 hxg2 20. Kxg2 Qd7 21. f3 b5 22. Be2 Bb7 23. Bd4 Rac8 24. Qb1 Nh7 25. h4 Nc4 26. Bxc4 dxc4 27. Kf2 Qc6 28. Kg1 Qc7 29. Nge2 Nf8 30. h5 g5 31. Qf5 Nh7 32. Kf2 Qe7 33. Rg1 Rcd8 34. e4 f6 35. Qxb5 Bxe4 36. fxe4 Qxe4 37. Qxc4+ Kf8 38. Ng6+ Kg7 39. Qd3 Qe6 40. Ngf4 Bxf4 41. Nxf4 Qd6 42. Qf5 1-0

[Event "Czech Open GM 2019"]
[Site "Pardubice"]
[Date "2019.07.20"]
[Round "2.14"]
[White "Warmerdam, Max"]
[Black "Pesotskiy, Mikhail"]
[Result "0-1"]
[WhiteElo "2480"]
[BlackElo "2301"]
[Annotator "ChessBase"]
[PlyCount "74"]
[EventDate "2019.07.19"]
[EventType "swiss"]
[EventCountry "CZE"]
[SourceTitle "playchess.com"]
[Source "ChessBase"]
[SourceQuality "1"]

1. e4 e6 2. d4 d5 3. Nd2 Nf6 4. e5 Nfd7 5. Bd3 c5 6. c3 Nc6 7. Ne2 cxd4 8. cxd4 Qb6 9. Nf3 Bb4+ 10. Bd2 f6 11. exf6 Nxf6 12. O-O O-O 13. Bf4 Nh5 14. Be5 Nxe5 15. Nxe5 Nf6 16. Qc2 Bd6 17. Rac1 h6 18. h3 Rd8 19. Bg6 Bxe5 20. dxe5 Nd7 21. Nf4 Nxe5 22. Rfe1 Rf8 23. Rxe5 Rxf4 24. Qc7 Qxf2+ 25. Kh1 Rf8 26. Rce1 Qb6 27. Qe7 Qd8 28. Qb4 Bd7 29. Qxb7 Rb8 30. Qxa7 Rxb2 31. Qd4 Rff2 32. Rxe6 Bxe6 33. Rxe6 Rf1+ 34. Kh2 Qb8+ 35. Qe5 Rf8 36. a4 Qxe5+ 37. Rxe5 Rd8 0-1

[Event "Czech Open GM 2019"]
[Site "Pardubice"]
[Date "2019.07.20"]
[Round "2.14"]
[White "Moksh Amit Doshi"]
[Black "Gazik, Viktor"]
[Result "1-0"]
[WhiteElo "2229"]
[BlackElo "2525"]
[Annotator "ChessBase"]
[PlyCount "63"]
[EventDate "2019.07.19"]
[EventType "swiss"]
[EventCountry "CZE"]
[SourceTitle "playchess.com"]
[Source "ChessBase"]
[SourceQuality "1"]

1. c4 e5 2. g3 Nc6 3. Bg2 d6 4. Nc3 g6 5. e3 Bg7 6. Nge2 h5 7. d4 h4 8. d5 Nb8 9. e4 a5 10. Be3 Na6 11. Qd2 Nc5 12. O-O-O a4 13. Kb1 b6 14. f4 Ne7 15. fxe5 Bxe5 16. Bd4 Ba6 17. Nb5 Bxb5 18. cxb5 Qd7 19. Rhf1 a3 20. Bxe5 dxe5 21. Qg5 Qxb5 22. Rd2 Nd7 23. Nc3 Qc4 24. Bh3 hxg3 25. Bxd7+ Kxd7 26. Rxf7 gxh2 27. Rxh2 Rxh2 28. Qg4+ Kd6 29. Rf6+ Kc5 30. Qg1+ Kb4 31. Rxb6+ Ka5 32. b4+ 1-0

[Event "Czech Open GM 2019"]
[Site "Pardubice"]
[Date "2019.07.20"]
[Round "2.15"]
[White "Dvoirys, Semen I."]
[Black "Mullick, Raahil"]
[Result "0-1"]
[WhiteElo "2505"]
[BlackElo "2211"]
[Annotator "ChessBase"]
[PlyCount "90"]
[EventDate "2019.07.19"]
[EventType "swiss"]
[EventCountry "CZE"]
[SourceTitle "playchess.com"]
[Source "ChessBase"]
[SourceQuality "1"]

1. e4 e5 2. Nf3 Nc6 3. Bb5 Nf6 4. O-O Nxe4 5. d4 Nd6 6. Bxc6 dxc6 7. dxe5 Nf5 8. Qxd8+ Kxd8 9. Rd1+ Ke8 10. Nc3 h6 11. h3 Bb4 12. Ne2 g5 13. g4 Ne7 14. Ng3 Ng6 15. Nh5 Be6 16. Bd2 Bxd2 17. Rxd2 Ke7 18. Nd4 Rad8 19. Re1 Nh4 20. Red1 c5 21. Nxe6 Rxd2 22. Rxd2 Nf3+ 23. Kg2 Nxd2 24. Nxc5 Nc4 25. Nd3 Ke6 26. f4 Ne3+ 27. Kf3 Nxc2 28. Ke4 Rd8 29. Ng7+ Ke7 30. Nf5+ Kf8 31. Nc5 Rd2 32. e6 fxe6 33. Nxe6+ Kf7 34. Nxc7 gxf4 35. Nxh6+ Kg6 36. Nf5 Ne1 37. Kxf4 Rxb2 38. h4 Rf2+ 39. Ke4 Rxa2 40. Ne6 Ra4+ 41. Kd5 Rxg4 42. Nd6 Rb4 43. Nd8 a5 44. N8xb7 a4 45. Nc5 a3 0-1

[Event "Czech Open GM 2019"]
[Site "Pardubice"]
[Date "2019.07.20"]
[Round "2.15"]
[White "Colas, Joshua"]
[Black "Gagare, Shardul"]
[Result "0-1"]
[WhiteElo "2302"]
[BlackElo "2476"]
[Annotator "ChessBase"]
[PlyCount "96"]
[EventDate "2019.07.19"]
[EventType "swiss"]
[EventCountry "CZE"]
[SourceTitle "playchess.com"]
[Source "ChessBase"]
[SourceQuality "1"]

1. Nf3 c5 2. c4 g6 3. Nc3 Bg7 4. g3 Nc6 5. Bg2 d6 6. O-O Bf5 7. a3 Qd7 8. Nd5 Nf6 9. d3 Nxd5 10. cxd5 Nd4 11. Nxd4 Bxd4 12. Rb1 h5 13. e3 Bf6 14. Re1 h4 15. e4 Bh3 16. Bf3 hxg3 17. hxg3 e5 18. dxe6 fxe6 19. e5 dxe5 20. b4 c4 21. dxc4 Qh7 22. Qa4+ Kf8 23. Be3 Bg4 24. Bg2 Qh2+ 25. Kf1 Bh3 26. Bxh3 Qxh3+ 27. Ke2 Rd8 28. Rg1 Qg4+ 29. Ke1 e4 30. Qxa7 Rh2 31. Qa4 Rd3 32. Qa8+ Rd8 33. Qa4 Kf7 34. Qc2 Qf3 35. Rb3 Rh1 36. Rxh1 Qxh1+ 37. Ke2 Qf3+ 38. Ke1 Qh1+ 39. Ke2 Qf3+ 40. Ke1 Rh8 41. c5 Rh1+ 42. Kd2 Ra1 43. Rb1 Rxa3 44. Rb3 Ra8 45. b5 Qh1 46. Qb1 Qh5 47. Qxe4 Ra2+ 48. Kc1 Qe2 0-1

[Event "Czech Open GM 2019"]
[Site "Pardubice"]
[Date "2019.07.20"]
[Round "2.16"]
[White "Kozak, Adam"]
[Black "Godzwon, Iwo"]
[Result "1-0"]
[WhiteElo "2475"]
[BlackElo "2285"]
[Annotator "RC"]
[PlyCount "105"]
[EventDate "2019.07.19"]
[EventType "swiss"]
[EventCountry "CZE"]
[SourceTitle "playchess.com"]
[Source "ChessBase"]
[SourceQuality "1"]

1. Nf3 c5 2. c4 Nc6 3. g3 g6 4. Bg2 Bg7 5. Nc3 e6 6. d4 cxd4 7. Nb5 d5 8. cxd5 Qa5+ 9. Qd2 Qxb5 10. dxc6 Qxc6 11. O-O Ne7 12. Nxd4 Qb6 13. Nb3 Bd7 14. Qd1 Bc6 15. Be3 Qc7 16. Bf4 e5 17. Bg5 Bxg2 18. Kxg2 b6 19. e4 f6 20. Be3 O-O 21. Kg1 Rac8 22. Rc1 Qb7 23. Qd6 Kf7 24. Qb4 Qa6 25. Rfd1 Rxc1 26. Nxc1 Rc8 27. Rd7 Bf8 28. Qb3+ Ke8 29. Qd1 h5 30. h4 Ra8 31. Rd6 Bg7 32. a3 Qb5 33. Nd3 Qc4 34. Nb4 Qxe4 35. Re6 Qb7 36. Nc6 Bf8 37. Qf3 Rc8 38. Rxf6 Bg7 39. Rf7 Rxc6 40. Bg5 e4 41. Qf4 Nd5 42. Rxb7 Nxf4 43. Rxg7 Nh3+ 44. Kf1 Nxg5 45. hxg5 a6 46. Ke2 Rc2+ 47. Ke3 Rxb2 48. Rxg6 a5 49. Rf6 Rb3+ 50. Kxe4 Rxa3 51. g6 Ra4+ 52. Kf5 Rg4 53. Rxb6 1-0

[Event "Czech Open GM 2019"]
[Site "Pardubice"]
[Date "2019.07.20"]
[Round "2.16"]
[White "Bykova, Anastasia"]
[Black "Zanan, Evgeny"]
[Result "0-1"]
[WhiteElo "2229"]
[BlackElo "2505"]
[Annotator "ChessBase"]
[PlyCount "94"]
[EventDate "2019.07.19"]
[EventType "swiss"]
[EventCountry "CZE"]
[SourceTitle "playchess.com"]
[Source "ChessBase"]
[SourceQuality "1"]

1. d4 Nf6 2. c4 e6 3. Nf3 c5 4. d5 d6 5. Nc3 exd5 6. cxd5 g6 7. Nd2 Bg7 8. e4 O-O 9. Be2 Re8 10. O-O Nbd7 11. Re1 a6 12. a4 Rb8 13. Bf1 Qc7 14. a5 b5 15. axb6 Nxb6 16. Ra3 c4 17. Na4 Nfd7 18. Nxb6 Nxb6 19. Nxc4 Nxc4 20. Qc2 Bxb2 21. Ra2 Bxc1 22. Rxc1 Rb4 23. Bxc4 Qb6 24. Bd3 Bb7 25. Qd2 a5 26. h3 a4 27. Rca1 Ra8 28. Qd1 Qd4 29. Bc2 Qc5 30. Rb1 a3 31. Qe1 Rxb1 32. Qxb1 Ba6 33. Bd3 Bc4 34. Bxc4 Qxc4 35. Kh2 h5 36. Kg1 Ra4 37. Kh2 Kh7 38. Qb7 Kg7 39. Qb1 Qc3 40. g3 Kh7 41. Qb8 Qe5 42. Qf8 Qf6 43. Kg1 Rxe4 44. Qa8 Qf3 45. Qa5 Rd4 46. Rd2 Rxd2 47. Qxd2 Qf6 0-1